Prediction of peak VO₂ values from 9-minute run distances in young males, 9-14 years /

Bibliographic Details
Main Author: Baldwin, Deborah Lynn
Format: Thesis Microform Book
Language:English
Published: [Place of publication not identified] : [publisher not identified] ; 1983.
Subjects:

MARC

Tag First Indicator Second Indicator Subfields
LEADER 00000cam a2200000 a 4500
001 in00000018754
005 20151007054044.0
007 he bmb|||||||
008 851105r19851983oru bb 00010 eng d
035 |a (OCoLC)12761391 
035 |9 AAB3827AM 
040 |a ORU  |c MIA  |d MIA  |d HPE  |d TXA  |d UtOrBLW 
049 |a TXAI 
099 |a fiche  |a C  |a 9208 
100 1 |a Baldwin, Deborah Lynn. 
245 1 0 |a Prediction of peak VO₂ values from 9-minute run distances in young males, 9-14 years /  |c by Deborah Lynn Baldwin. 
264 1 |a [Place of publication not identified] :  |b [publisher not identified] ;  |c 1983. 
300 |a vii, 63 leaves. 
336 |a text  |b txt  |2 rdacontent 
337 |a microform  |b h  |2 rdamedia 
338 |a microfiche  |b he  |2 rdacarrier 
502 |b M.S.  |c La Crosse  |d 1983. 
504 |a Bibliography: leaves 53-57. 
533 |a Microfiche.  |b Eugene :  |c Microform Publications, College of Human Development and Performance, University of Oregon,  |d 1985.  |e 1 microfiche : negative ; 11 x 15 cm. 
500 |a Microform. 
650 0 |a Physical fitness for children  |x Testing. 
650 0 |a Running  |x Physiological aspects. 
650 0 |a Boys. 
999 |a MARS 
999 f f |s 41924e99-5198-3a92-9989-4709a4506b8b  |i 6a5edcd7-0749-336a-8822-bf999811bbca  |t 0 
952 f f |p normal  |a Texas A&M University  |b College Station  |c Sterling C. Evans Library  |d Evans: Microforms (3rd floor)  |t 0  |e fiche C 9208  |h Other scheme  |i microform -- microfiche  |m A14822856597 
998 f f |a fiche C 9208  |t 0  |l Evans: Microforms (3rd floor)